000 00262nam a2200097Ia 4500
001 1191574
005 20250827021637.0
008 250824s9999 xx 000 0 und d
245 0 _aŞAKACI HORTLAK İŞ BAŞINDA
_cMELEK GÜNGÖR
260 _bALTIN KİTAP YAYINLARI
999 _c1191574
_d1191574